| 000 | 00555nam a22001817a 4500 | ||
|---|---|---|---|
| 999 |
_c193294 _d193294 |
||
| 005 | 20221212171813.0 | ||
| 010 | _aENG-135505 | ||
| 020 |
_c495.00 _a9789382524434 |
||
| 035 | _aEN-119037 | ||
| 037 | _bDBAD/PUB | ||
| 082 | _a720 | ||
| 100 | _aRoy, S.C. Basu | ||
| 245 |
_aA practical handbook on: _breal estate apartment/ _cby S.C. Basu Roy |
||
| 260 |
_aNew delhi _bthe book line _c2017 |
||
| 270 |
_a106, 4787/23, 1st floor, ansari road darya ganj _bnew delhi _e110002 |
||
| 300 |
_a212p. _c22cm(pbk) |
||
| 942 |
_2ddc _cEN _mROY _h720 |
||